[Event "FINAL MISTRZOSTW POLSKI JUNIOROW 2018 - GRUPA  D16"]
[Site "Jastrzebia Gora"]
[Date "1899-12-30"]
[Round "8.1"]
[White "Malicka, Maria"]
[Black "Kalinowska, Zuzanna"]
[Result "1/2-1/2"]
[WhiteTitle "WCM"]
[BlackTitle "k+"]
[WhiteElo "2135"]
[BlackElo "1980"]

1. e4 e6 2. d4 d5 3. Nc3 Bb4 4. exd5 exd5 5. Bd3 Ne7 6. Qh5 Be6 7. Nf3 Nbc6 8.
Be3 Qd7 9. Ng5 O-O-O 10. Nxe6 Qxe6 11. O-O g6 12. Qf3 f5 13. a3 Bxc3 14. bxc3
Qf6 15. Qg3 h6 16. Bf4 g5 17. Bxc7 f4 18. Be5 Nxe5 19. dxe5 Qxe5 20. Qg4+ Kb8
21. Rae1 Qc7 22. Re6 Nc8 23. Qh5 Rd6 24. Qg6 Qc6 25. Rxd6 Qxd6 26. Qg7 Re8 27.
c4 dxc4 28. Bxc4 Qc7 29. Qxc7+ Kxc7 30. Rd1 Nd6 31. Bb3 1/2-1/2

[Event "FINAL MISTRZOSTW POLSKI JUNIOROW 2018 - GRUPA  D16"]
[Site "Jastrzebia Gora"]
[Date "1899-12-30"]
[Round "8.2"]
[White "Rudzinska, Michalina"]
[Black "Kucharska, Honorata"]
[Result "1-0"]
[WhiteTitle "k+"]
[BlackTitle "WFM"]
[WhiteElo "2066"]
[BlackElo "2082"]

1. e4 d6 2. d4 Nf6 3. Nc3 e5 4. Nf3 Nbd7 5. Rg1 exd4 6. Nxd4 Nc5 7. Bd3 Be7 8.
g4 Nxd3+ 9. cxd3 O-O 10. Nf5 c6 11. Rg3 d5 12. e5 Ne8 13. d4 f6 14. Nxe7+ Qxe7
15. f4 fxe5 16. dxe5 Nc7 17. Be3 b6 18. Qd2 Bb7 19. O-O-O c5 20. Ne2 d4 21. Bf2
Nd5 22. Rh3 Ba6 23. Qc2 g6 24. Qe4 Nb4 25. f5 Bb7 26. Qf4 g5 27. Qd2 Be4 28. b3
a5 29. a3 Nc6 30. Rh6 Qg7 31. Rh5 h6 32. Ng3 Bf3 33. f6 Qg6 34. Nf5 Bxg4 35. Nxh6+
Kh7 36. Rxg5 Bxd1 37. Rxg6 Kxg6 38. Bh4 1-0

[Event "FINAL MISTRZOSTW POLSKI JUNIOROW 2018 - GRUPA  D16"]
[Site "Jastrzebia Gora"]
[Date "1899-12-30"]
[Round "8.3"]
[White "Harazinska, Magdalena"]
[Black "Jarocka, Liwia"]
[Result "1/2-1/2"]
[WhiteTitle "k"]
[BlackTitle "FM"]
[WhiteElo "2053"]
[BlackElo "1989"]

1. d4 Nf6 2. c4 e6 3. Nc3 Bb4 4. Bd2 d5 5. e3 O-O 6. a3 Be7 7. cxd5 exd5 8. Bd3
b6 9. Nge2 Ba6 10. Bxa6 Nxa6 11. Qa4 Nb8 12. O-O a6 13. Ng3 g6 14. Rac1 c5 15.
dxc5 bxc5 16. Rfd1 Nbd7 17. Nce2 Nb6 18. Qf4 Bd6 19. Qg5 Nfd7 20. Qxd8 Rfxd8 21.
Ba5 Rdb8 22. b4 cxb4 23. axb4 Rc8 24. e4 Bxg3 25. Rxc8+ Rxc8 26. Nxg3 dxe4 27.
Nxe4 Rc6 28. f3 f5 29. Nc5 Nxc5 30. bxc5 Nc4 31. Bc3 Rxc5 32. Rd8+ Kf7 33. Rd7+
Ke6 34. Rxh7 Ne5 35. Bd4 Rc1+ 36. Kf2 Rc2+ 37. Kg3 Rd2 38. Bc3 Rc2 1/2-1/2

[Event "FINAL MISTRZOSTW POLSKI JUNIOROW 2018 - GRUPA  D16"]
[Site "Jastrzebia Gora"]
[Date "1899-12-30"]
[Round "8.4"]
[White "Swiech, Joanna"]
[Black "Hryn, Zofia"]
[Result "1-0"]
[WhiteTitle "k"]
[BlackTitle "I++"]
[WhiteElo "1995"]
[BlackElo "1574"]

1. c4 e5 2. Nc3 f5 3. g3 Be7 4. Bg2 c6 5. d4 d6 6. e3 Nf6 7. Nge2 O-O 8. O-O Na6
9. a3 Nc7 10. Qc2 e4 11. Rd1 d5 12. cxd5 cxd5 13. Bd2 Be6 14. b4 Rc8 15. Qb3 Kh8
16. Na4 b6 17. b5 Qe8 18. Rab1 Nxb5 19. Nxb6 Nxa3 20. Nxc8 Nxb1 21. Nxa7 Nxd2
22. Rxd2 Bd7 23. Rb2 Qa8 24. Qb7 Bd6 25. Nc3 Qxb7 26. Rxb7 Rb8 27. Rxb8+ Bxb8
28. Nab5 g5 29. Bh3 Bxb5 30. Nxb5 f4 31. Be6 fxe3 32. fxe3 h5 33. Nc3 h4 34. g4
Kg7 35. Nxd5 Nxd5 36. Bxd5 Bd6 37. h3 Bg3 38. Bxe4 Kf6 39. Bf5 Ke7 40. Kf1 Kd6
41. Ke2 Kd5 42. Kd3 Bc7 43. e4+ Kd6 44. e5+ Kd5 45. Be4+ Ke6 46. Bb7 Bd8 47. Ke4
Ke7 48. d5 Kd7 49. d6 Ke6 50. Bc8+ Kf7 51. e6+ Ke8 52. e7 Ba5 53. Ba6 1-0

[Event "FINAL MISTRZOSTW POLSKI JUNIOROW 2018 - GRUPA  D16"]
[Site "Jastrzebia Gora"]
[Date "1899-12-30"]
[Round "8.5"]
[White "Furtak, Joanna"]
[Black "Kulpa, Zuzanna"]
[Result "1-0"]
[WhiteTitle "I++"]
[BlackTitle "I++"]
[WhiteElo "1683"]
[BlackElo "1839"]

1. e4 e5 2. Nf3 Nc6 3. d4 exd4 4. Nxd4 Bc5 5. Nb3 Bb4+ 6. c3 Be7 7. Bf4 d6 8. g3
Nf6 9. Bg2 Bg4 10. Qc2 Ne5 11. N1d2 Qd7 12. h3 Be6 13. Nd4 Nc6 14. g4 h6 15. O-O-O
g5 16. Bg3 O-O-O 17. Nf5 h5 18. f3 Bxf5 19. gxf5 h4 20. Bh2 Nh5 21. Nf1 Nf4 22.
Ne3 Ne5 23. Bxf4 gxf4 24. Ng4 f6 25. Qd2 Qb5 26. Qxf4 Nd3+ 27. Rxd3 Qxd3 28. Bf1
1-0

[Event "FINAL MISTRZOSTW POLSKI JUNIOROW 2018 - GRUPA  D16"]
[Site "Jastrzebia Gora"]
[Date "1899-12-30"]
[Round "8.6"]
[White "Choinska, Debora"]
[Black "Sowa, Wiktoria"]
[Result "0-1"]
[WhiteTitle "I"]
[BlackTitle "k"]
[WhiteElo "1503"]
[BlackElo "1993"]

1. e4 Nf6 2. Nc3 d6 3. d4 c6 4. a4 g6 5. Be2 Bg7 6. Be3 O-O 7. h3 Nbd7 8. Nf3 e5
9. dxe5 dxe5 10. O-O Qe7 11. Qd3 a5 12. Rad1 Nc5 13. Bxc5 Qxc5 14. Qd6 Qb4 15.
Qd3 Nh5 16. Rb1 Nf4 17. Qd1 Be6 18. Ng5 Nxe2+ 19. Nxe2 Rfd8 20. Qe1 Qxa4 21. b3
Qb5 22. Nxe6 fxe6 23. Ng3 Bh6 24. Rd1 Qc5 25. Qe2 Bf4 26. Kh1 Qc3 27. Rd3 Rxd3
28. Qxd3 Qxd3 29. cxd3 Bxg3 30. fxg3 Rd8 31. Rd1 Rd4 32. Kg1 Rb4 33. Rb1 a4 34.
Kf2 Rxb3 35. Ra1 b5 36. Ke2 Rb2+ 37. Kf3 Rc2 38. g4 Kf7 39. g3 Ke7 40. g5 Kd6
41. h4 Rh2 42. Ke3 Kc5 43. Rc1+ Kb6 44. d4 a3 45. Kd3 b4 46. Kc4 Ka5 47. Rb1 Rb2
48. Ra1 a2 49. dxe5 b3 0-1

[Event "FINAL MISTRZOSTW POLSKI JUNIOROW 2018 - GRUPA  D16"]
[Site "Jastrzebia Gora"]
[Date "1899-12-30"]
[Round "8.7"]
[White "Waszczuk, Patrycja"]
[Black "Karlyk, Maria"]
[Result "1-0"]
[WhiteTitle "k"]
[BlackTitle "I"]
[WhiteElo "1927"]
[BlackElo "1636"]

1. f4 d5 2. Nf3 g6 3. g3 Bg7 4. Bg2 Nf6 5. O-O O-O 6. e3 Nc6 7. d4 Bg4 8. h3 Bxf3
9. Bxf3 e6 10. b3 Nd7 11. Bb2 f5 12. c4 Nf6 13. Nc3 Ne4 14. Kh2 g5 15. Bxe4 dxe4
16. Ne2 h6 17. Bc3 Ne7 18. d5 exd5 19. Bxg7 Kxg7 20. Qd4+ Kg6 21. Rad1 Qd6 22.
cxd5 Rfd8 23. g4 Qxd5 24. Qb4 c5 25. Qc3 Qe6 26. Ng3 Rxd1 27. Rxd1 gxf4 28. exf4
Kf7 29. Qxc5 Rc8 30. gxf5 Rxc5 31. fxe6+ Kxe6 32. Nxe4 Rc2+ 33. Rd2 Rxd2+ 34.
Nxd2 Kf5 35. Kg3 Nd5 36. Nc4 Nc3 37. a3 Ne2+ 38. Kf3 Nxf4 39. Ne3+ Ke5 40. Ng4+
Kf5 41. Nxh6+ Kg5 42. h4+ Kxh6 43. Kxf4 1-0

[Event "FINAL MISTRZOSTW POLSKI JUNIOROW 2018 - GRUPA  D16"]
[Site "Jastrzebia Gora"]
[Date "1899-12-30"]
[Round "8.8"]
[White "Raczykowska, Paulina"]
[Black "Moscicka, Pola"]
[Result "1-0"]
[WhiteTitle "k"]
[BlackTitle "k+"]
[WhiteElo "1897"]
[BlackElo "1868"]

1. e4 c5 2. Nf3 e6 3. d4 cxd4 4. Nxd4 Nf6 5. Nc3 Nc6 6. Ndb5 Bb4 7. a3 Bxc3+ 8.
Nxc3 d5 9. exd5 exd5 10. Bd3 O-O 11. O-O d4 12. Ne2 Bg4 13. f3 Bh5 14. Nf4 Bg6
15. Nxg6 hxg6 16. f4 Nd5 17. f5 Qd6 18. Qg4 gxf5 19. Rxf5 Qe6 20. Qh4 Rfe8 21.
Bd2 g6 22. Rf3 Ne3 23. Bxe3 dxe3 24. Rf6 Qe5 25. Bxg6 Qxf6 26. Qxf6 fxg6 27. Qxg6+
Kh8 28. Re1 Rad8 29. Qh6+ Kg8 30. Rxe3 Rd1+ 31. Kf2 Rd2+ 32. Ke1 Rxe3+ 33. Qxe3
Rxg2 34. Qe6+ Kg7 35. Qd7+ Kf8 36. Qc8+ Ke7 37. Qxb7+ Kd6 38. Qb3 Nd4 39. Qb8+
Ke6 40. Qxa7 Nxc2+ 41. Kd1 Rxh2 42. Qb6+ Kd5 43. Qb3+ Kd4 44. Qc3+ 1-0

[Event "FINAL MISTRZOSTW POLSKI JUNIOROW 2018 - GRUPA  D16"]
[Site "Jastrzebia Gora"]
[Date "1899-12-30"]
[Round "8.9"]
[White "Hryn, Aleksandra"]
[Black "Czarniecka, Aleksandra"]
[Result "0-1"]
[WhiteTitle "I"]
[BlackTitle "k"]
[WhiteElo "1558"]
[BlackElo "2015"]

1. e4 c5 2. Nf3 d6 3. d4 cxd4 4. Nxd4 Nf6 5. Nc3 a6 6. f4 Qa5 7. Bd3 Nc6 8. Nb3
Qc7 9. h3 e6 10. Qf3 b5 11. a3 Bb7 12. Qf2 Be7 13. Be3 Rc8 14. Rg1 Nd7 15. g4
b4 16. Ne2 Na5 17. Ned4 Nxb3 18. Nxb3 bxa3 19. bxa3 Nf6 20. Nd2 d5 21. e5 Ne4
22. Qf1 Qc3 23. Rb1 d4 24. Rb3 Qa1+ 25. Rb1 Bh4+ 26. Bf2 Bxf2+ 27. Qxf2 Qxb1+
28. Nxb1 Nxf2 29. Kxf2 O-O 30. h4 Bd5 31. Nd2 Rc3 32. Nb1 Rc5 33. h5 Rb8 34. Nd2
Rb2 35. Ra1 a5 0-1

[Event "FINAL MISTRZOSTW POLSKI JUNIOROW 2018 - GRUPA  D16"]
[Site "Jastrzebia Gora"]
[Date "1899-12-30"]
[Round "8.10"]
[White "Budkiewicz, Magdalena"]
[Black "Tarka, Aleksandra"]
[Result "1/2-1/2"]
[WhiteTitle "I++"]
[BlackTitle "I++"]
[WhiteElo "1739"]
[BlackElo "1761"]

1. e4 c5 2. Nf3 e6 3. d4 cxd4 4. Nxd4 Nf6 5. Nc3 Nc6 6. Ndb5 Bc5 7. Nd6+ Ke7 8.
Bf4 e5 9. Nf5+ Kf8 10. Bg5 d6 11. Nd5 Bxf2+ 12. Ke2 Nd4+ 13. Nxd4 Bxd4 14. Bxf6
gxf6 15. Qd2 Kg7 16. c3 Bb6 17. Qd3 Rg8 18. Ke1 Be6 19. Rd1 Rc8 20. h4 Kh8 21.
Rd2 Rc6 22. Qf3 Bxd5 23. exd5 Rc7 24. Bd3 Qe7 25. Rf1 Kg7 26. Qf5 Rh8 27. h5 h6
28. Re2 Kf8 29. Qxf6 Qxf6 30. Rxf6 Ke7 31. Rf3 Rg8 32. Bf5 Rc5 33. Rd3 Kf6 34.
g4 Re8 35. Kf1 Rc4 36. Kg2 Rf4 37. Rf3 Kg5 38. Rxf4 Kxf4 39. Re4+ Kg5 40. Kf3
Re7 41. Rc4 Rc7 42. Rxc7 Bxc7 43. Bc8 b6 44. Bf5 Bd8 45. Ke4 1/2-1/2

[Event "FINAL MISTRZOSTW POLSKI JUNIOROW 2018 - GRUPA  D16"]
[Site "Jastrzebia Gora"]
[Date "1899-12-30"]
[Round "8.11"]
[White "Roszkiewicz, Anna"]
[Black "Koruch, Maria"]
[Result "1/2-1/2"]
[WhiteTitle "I+"]
[BlackTitle "I"]
[WhiteElo "1693"]
[BlackElo "1627"]

1. e4 c5 2. Nf3 Nc6 3. d4 cxd4 4. Nxd4 g6 5. c4 Bg7 6. Nc2 Nf6 7. Nc3 O-O 8. Be2
d6 9. O-O Bd7 10. Be3 Rc8 11. f3 a5 12. Qd2 Ne5 13. Na3 Bc6 14. Rac1 Ned7 15.
Nd5 Bxd5 16. cxd5 Nc5 17. Rc2 Nfd7 18. Rfc1 b6 19. Nb5 f5 20. Nd4 Bxd4 21. Qxd4
f4 22. Bd2 Ne5 23. Bc3 Rc7 24. Qd2 Qd7 25. Bxe5 dxe5 26. Qc3 Qd6 27. a3 Rfc8 28.
Bc4 Kg7 29. Ba2 Ne6 30. Qd3 Rxc2 31. Rxc2 Rxc2 32. Qxc2 Nd4 33. Qc8 1/2-1/2

[Event "FINAL MISTRZOSTW POLSKI JUNIOROW 2018 - GRUPA  D16"]
[Site "Jastrzebia Gora"]
[Date "1899-12-30"]
[Round "8.12"]
[White "Orlik, Sandra"]
[Black "Pyzio, Amelia"]
[Result "0-1"]
[WhiteTitle "I++"]
[BlackTitle "I++"]
[WhiteElo "1699"]
[BlackElo "1780"]

1. e4 e5 2. Nf3 Nc6 3. Bc4 Bc5 4. c3 Nf6 5. d4 exd4 6. O-O O-O 7. cxd4 Be7 8. d5
Na5 9. Bd3 b6 10. Nc3 d6 11. b4 Nb7 12. Nd4 a5 13. Nc6 Qe8 14. Nb5 Bd8 15. Qc2
axb4 16. Nxd8 Qxd8 17. Qxc7 Nc5 18. Bc4 Nfxe4 19. f3 Nc3 20. Qxd6 Qxd6 21. Nxd6
Rd8 22. Bf4 Ba6 23. Bxa6 Rxa6 24. Be5 Nxd5 25. Nb5 f6 26. Bg3 Ne3 27. Rf2 Ra5
28. Nd6 b3 29. a3 Nc2 30. Rb1 Nxa3 31. Rd1 Nc4 32. Re2 Nxd6 33. Rxd6 Rxd6 34.
Bxd6 b2 0-1

[Event "FINAL MISTRZOSTW POLSKI JUNIOROW 2018 - GRUPA  D16"]
[Site "Jastrzebia Gora"]
[Date "1899-12-30"]
[Round "8.13"]
[White "Lascar, Maria Elena"]
[Black "Sawa, Daria"]
[Result "1-0"]
[WhiteTitle "I+"]
[BlackTitle "I"]
[WhiteElo "1540"]
[BlackElo "1432"]

1. e4 e5 2. Nf3 Nc6 3. Nc3 Nf6 4. d4 exd4 5. Nxd4 Bb4 6. Nxc6 bxc6 7. Bd3 d5 8.
e5 Qe7 9. O-O Nd7 10. Qg4 f6 11. exf6 Nxf6 12. Qh4 O-O 13. Bg5 h6 14. Bd2 Bc5
15. Rae1 Qf7 16. Na4 Bd6 17. h3 Bd7 18. c4 c5 19. cxd5 Nxd5 20. Nc3 Nxc3 21. Bxc3
Qf4 22. Qxf4 Rxf4 23. b3 Kh8 24. Re3 Raf8 25. Rg3 R4f7 26. Rg6 Bf4 27. Ra6 Ra8
28. Be4 Bb5 29. Bxa8 Bxa6 30. Rd1 Bd6 31. Re1 Rf8 32. Bc6 Kg8 33. Bd5+ Kh7 34.
Re6 Bc8 35. Re4 Bd7 36. Bc4 Re8 37. Rxe8 Bxe8 38. Kf1 g5 39. Ke2 Bg6 40. Bd3 c6
41. g4 Bxd3+ 42. Kxd3 Kg6 43. Ke4 a6 44. f3 Be7 45. Be5 Bf6 46. Bd6 Bd4 47. b4
Bc3 48. Bxc5 a5 49. bxa5 Bxa5 50. Ke5 Bd2 51. Kd6 Kf6 52. Bd4+ Kg6 53. Kxc6 h5
54. a4 hxg4 55. hxg4 Kf7 56. Bb6 Ke6 57. a5 Bxa5 58. Bxa5 Ke5 59. Bd2 1-0

[Event "FINAL MISTRZOSTW POLSKI JUNIOROW 2018 - GRUPA  D16"]
[Site "Jastrzebia Gora"]
[Date "1899-12-30"]
[Round "8.14"]
[White "Bilczewska, Olga"]
[Black "Michalska, Aleksandra"]
[Result "1/2-1/2"]
[WhiteTitle "I+"]
[BlackTitle "I"]
[WhiteElo "1609"]
[BlackElo "1661"]

1. d4 d5 2. c4 dxc4 3. Nf3 Nf6 4. e3 e6 5. Bxc4 c5 6. O-O a6 7. dxc5 Qxd1 8. Rxd1
Bxc5 9. Nbd2 b5 10. Be2 Bb7 11. Nb3 Nbd7 12. Nxc5 Nxc5 13. Bd2 Nd5 14. Rac1 Rc8
15. Ba5 O-O 16. Nd4 Na4 17. Rb1 Ba8 18. e4 Ne7 19. f3 e5 20. Bb4 exd4 21. Bxe7
Rfe8 22. Ba3 f5 23. Rxd4 fxe4 24. fxe4 Bxe4 25. Rbd1 Rc2 26. R1d2 Rxd2 27. Rxd2
Bb1 28. Bf3 Bxa2 29. Rd6 a5 30. Ra6 b4 31. Bxb4 Nxb2 32. Bxa5 Nd3 33. h3 Nf4 34.
Ra7 Bf7 35. Kf2 1/2-1/2

[Event "FINAL MISTRZOSTW POLSKI JUNIOROW 2018 - GRUPA  D16"]
[Site "Jastrzebia Gora"]
[Date "1899-12-30"]
[Round "8.15"]
[White "Sivickis, Wiktoria"]
[Black "Chomicka, Kinga"]
[Result "1/2-1/2"]
[WhiteTitle "I"]
[BlackTitle "I"]
[WhiteElo "1627"]
[BlackElo "1398"]

1. Nf3 Nf6 2. d4 e6 3. g3 b6 4. Bg2 Bb7 5. O-O Be7 6. c4 d6 7. Nc3 Nbd7 8. Qc2
O-O 9. e4 e5 10. d5 h6 11. Nh4 Re8 12. Nf5 Kh7 13. Qe2 Bf8 14. g4 g6 15. Nxh6
Bxh6 16. g5 Nh5 17. gxh6 Qh4 18. Qf3 Rf8 19. Qh3 Qxh3 20. Bxh3 Ndf6 21. f4 exf4
22. Bxf4 Nxf4 23. Rxf4 Nh5 24. Rf2 Bc8 25. Bxc8 Raxc8 26. Raf1 f6 27. Nb5 a6 28.
Nd4 Kxh6 29. Ne6 Rf7 30. Rf3 g5 31. Rf5 Kg6 32. Nxg5 Ng7 33. Nxf7 Nxf5 34. Rxf5
Kxf7 35. Kf2 Rg8 36. Rf4 Rg6 37. h4 Rg8 38. h5 Rg5 39. Rh4 Kg7 40. Kf3 Kh6 41.
Rf4 Rxh5 42. Rxf6+ Kg7 43. Rf5 Rh2 44. Rg5+ Kf6 45. Rg2 Rh4 46. Ke3 Rh3+ 47. Kd4
Rf3 48. b4 Ra3 49. Rf2+ Ke7 50. e5 dxe5+ 51. Kxe5 Ra4 52. c5 Rxb4 53. d6+ cxd6+
54. cxd6+ Ke8 55. Kd5 b5 56. Rc2 a5 57. Re2+ Kd8 58. Kc6 Rb1 59. Re5 Rc1+ 60.
Kxb5 Kd7 61. Rd5 Rb1+ 62. Kxa5 Rb8 63. a4 Kc6 64. Rd2 Kd7 65. Ka6 Rb4 66. a5 Rb8
67. Ka7 Rb5 68. a6 Rb4 69. Ka8 Rb6 70. a7 Rb4 71. Rg2 Kxd6 72. Rg8 Kc7 73. Rb8
Ra4 74. Rb3 Rc4 75. Rf3 Rb4 76. Rf8 Rb3 1/2-1/2

[Event "FINAL MISTRZOSTW POLSKI JUNIOROW 2018 - GRUPA  D16"]
[Site "Jastrzebia Gora"]
[Date "1899-12-30"]
[Round "8.16"]
[White "Filipska, Maja"]
[Black "Zygmunt, Patrycja"]
[Result "1-0"]
[WhiteTitle "I++"]
[BlackTitle "I"]
[WhiteElo "1708"]
[BlackElo "1370"]

1. e4 e5 2. Nf3 Nc6 3. d4 exd4 4. Bc4 Bb4+ 5. c3 dxc3 6. bxc3 Be7 7. Qd5 Nh6 8.
Bxh6 O-O 9. Be3 d6 10. Qh5 h6 11. O-O Bd7 12. Bxh6 gxh6 13. Qg6+ Kh8 14. Qxh6+
Kg8 15. Qg6+ Kh8 16. Bxf7 Rxf7 17. Qxf7 Be8 18. Qf4 Bd7 19. Nbd2 Bf6 20. Nc4 Qe7
21. Ne3 Rf8 22. Nd5 Qg7 23. Qg3 Qh6 24. Nxf6 Qxf6 25. Qh4+ Qxh4 26. Nxh4 Rg8 27.
Kh1 Rg4 28. Nf3 Rxe4 29. Rfe1 Rc4 30. Rac1 Ra4 31. Re2 Rg4 32. h3 Rg7 33. Kh2
Nd8 34. Rce1 Ne6 35. Rxe6 Bxe6 36. Rxe6 1-0

[Event "FINAL MISTRZOSTW POLSKI JUNIOROW 2018 - GRUPA  D16"]
[Site "Jastrzebia Gora"]
[Date "1899-12-30"]
[Round "8.17"]
[White "Wolagiewicz, Kinga"]
[Black "Komorowska, Marcelina"]
[Result "1-0"]
[WhiteTitle "I"]
[BlackTitle "II+"]
[WhiteElo "1689"]
[BlackElo "1209"]

1. e4 e6 2. d4 d5 3. Nc3 Nf6 4. e5 Nfd7 5. f4 c5 6. Nf3 Nc6 7. Be3 a6 8. Qd2 b5
9. a3 c4 10. Be2 Be7 11. O-O O-O 12. f5 exf5 13. Nxd5 g6 14. Ng5 h6 15. e6 Bxg5
16. exd7 Bxd7 17. Bxg5 hxg5 18. c3 f4 19. h4 Bf5 20. Nb4 Nxb4 21. axb4 gxh4 22.
Qxf4 Kg7 23. Bf3 Ra7 24. Qe5+ f6 25. Qc5 Rff7 26. Qc6 Qc8 27. Qb6 Qe6 28. Qxe6
Bxe6 29. d5 Bc8 30. d6 Bb7 31. Be2 Rd7 32. Rfd1 f5 33. b3 cxb3 34. Bxb5 Rd8 35.
Bc4 b2 36. Rab1 Bc6 37. Rxb2 Rad7 38. Rbd2 Ba4 39. Ra1 Bb5 40. Bxb5 axb5 41. Ra6
Kf6 42. Rb6 Ke6 43. Re2+ Kf6 44. Rxb5 Rxd6 45. c4 Rc6 46. c5 Rd5 47. Re8 Re5 48.
Reb8 Ke7 49. R5b7+ Ke6 50. Rb6 Rxb6 51. Rxb6+ Kd5 52. Rxg6 Kc4 53. Rb6 Re8 54.
c6 Rc8 55. b5 Kc5 56. Rb7 Kd6 57. c7 Rxc7 58. Rxc7 Kxc7 59. Kf2 Kb6 60. Kf3 Kxb5
61. Kf4 Kc6 62. Kxf5 Kd6 63. Kg4 h3 64. Kxh3 Ke5 65. Kh4 Kf6 66. Kh5 Kg7 67. g3
Kg8 68. Kg6 Kh8 69. g4 Kg8 70. g5 Kh8 71. Kf7 1-0

[Event "FINAL MISTRZOSTW POLSKI JUNIOROW 2018 - GRUPA  D16"]
[Site "Jastrzebia Gora"]
[Date "1899-12-30"]
[Round "9.1"]
[White "Malicka, Maria"]
[Black "Furtak, Joanna"]
[Result "1-0"]
[WhiteTitle "WCM"]
[BlackTitle "I++"]
[WhiteElo "2135"]
[BlackElo "1683"]

1. e4 e5 2. Nf3 Nc6 3. Bb5 a6 4. Ba4 Nf6 5. d3 d6 6. c3 g6 7. O-O Bg7 8. Nbd2 O-O
9. Re1 Re8 10. Nf1 b5 11. Bc2 Bb7 12. Ng3 Qd7 13. a4 b4 14. a5 Rad8 15. Ba4 d5
16. Bg5 bxc3 17. bxc3 h6 18. Bxf6 Bxf6 19. Rb1 Ba8 20. d4 Bg7 21. dxe5 Bxe5 22.
exd5 Qxd5 23. Qxd5 Rxd5 24. Nd4 Rc5 25. Bxc6 Rxc6 26. Nxc6 Bxc6 27. Ne2 Be4 28.
Rbd1 c5 29. f4 Bc7 30. Ng3 Bc6 31. Rxe8+ Bxe8 32. Ne4 Bxa5 33. Nf6+ Kf8 34. Nxe8
Kxe8 35. c4 Bb4 36. Rd6 a5 37. Ra6 Kd7 38. Kf2 Ke7 39. Ke3 h5 40. Ke4 Bc3 41.
f5 a4 42. Rxa4 Kf6 43. fxg6 fxg6 44. Ra6+ Kg5 45. Rc6 Bb4 46. Kd5 h4 47. Rxc5
Bxc5 48. Kxc5 h3 49. gxh3 Kh4 50. Kd5 Kxh3 51. c5 g5 52. Ke4 1-0

[Event "FINAL MISTRZOSTW POLSKI JUNIOROW 2018 - GRUPA  D16"]
[Site "Jastrzebia Gora"]
[Date "1899-12-30"]
[Round "9.2"]
[White "Rudzinska, Michalina"]
[Black "Swiech, Joanna"]
[Result "1-0"]
[WhiteTitle "k+"]
[BlackTitle "k"]
[WhiteElo "2066"]
[BlackElo "1995"]

1. e4 e5 2. Nf3 Nc6 3. Bb5 a6 4. Ba4 Nf6 5. Qe2 b5 6. Bb3 Be7 7. c3 d6 8. O-O O-O
9. Rd1 Na5 10. Bc2 c5 11. d4 Qc7 12. d5 c4 13. b4 cxb3 14. axb3 Nb7 15. b4 Bd7
16. Bd3 Rfb8 17. Ra3 a5 18. Bg5 Nd8 19. Qa2 a4 20. Rc1 Qb7 21. h3 h6 22. Bd2 Rc8
23. c4 bxc4 24. Rxc4 Rxc4 25. Qxc4 Rc8 26. Qa2 Be8 27. Nc3 Qxb4 28. Nb5 Qc5 29.
Be3 Bxb5 30. Bxc5 Rxc5 31. Bxb5 Rxb5 32. Rxa4 Nb7 33. Ra7 Bf8 34. Qa6 Rb1+ 35.
Kh2 Nc5 36. Qc8 Rb4 37. Qc7 Nfd7 38. Nd2 Be7 39. Qc8+ Kh7 40. Rxd7 Nxd7 41. Qxd7
Bg5 42. Nf3 1-0

[Event "FINAL MISTRZOSTW POLSKI JUNIOROW 2018 - GRUPA  D16"]
[Site "Jastrzebia Gora"]
[Date "1899-12-30"]
[Round "9.3"]
[White "Kucharska, Honorata"]
[Black "Harazinska, Magdalena"]
[Result "1/2-1/2"]
[WhiteTitle "WFM"]
[BlackTitle "k"]
[WhiteElo "2082"]
[BlackElo "2053"]

1. e4 e5 2. Nf3 Nf6 3. Nxe5 Nxe4 4. Qe2 Qe7 5. Qxe4 d6 6. d4 dxe5 7. dxe5 Nc6 8.
Nc3 Qxe5 9. Qxe5+ Nxe5 10. Bf4 Bd6 11. Bg3 f6 12. O-O-O Bd7 13. Nb5 Bxb5 14. Bxb5+
Kf7 15. f4 Ng6 16. Bc4+ Kf8 17. Rhf1 Re8 18. Rf3 b6 19. c3 Re4 20. Bd3 Ra4 21.
Kb1 Ra5 22. Re1 Ne7 23. b4 Rh5 24. h3 g6 25. Bf2 Nd5 26. Bc4 Nxf4 27. g3 Nxh3
28. Rxf6+ Kg7 29. Rf7+ Kh6 30. g4 Ng5 31. Rd7 Rh2 32. Bd4 Nf3 33. Be3+ Ng5 34.
Rd1 Re8 35. Bc1 Rf8 36. Rd4 Rh1 37. Kc2 Rf2+ 38. Bd2 Rxd2+ 39. Rxd2 Nf3 40. Bg8
Kg5 41. Rd5+ Kxg4 42. Rxh7 Rxh7 43. Bxh7 g5 44. Kd1 Kg3 45. Ke2 g4 46. Be4 Ne5
47. Rd1 Kf4 48. Bg2 Ng6 49. a3 Nh4 50. Kf1 Nxg2 51. Kxg2 Ke3 52. Rd5 g3 1/2-1/2

[Event "FINAL MISTRZOSTW POLSKI JUNIOROW 2018 - GRUPA  D16"]
[Site "Jastrzebia Gora"]
[Date "1899-12-30"]
[Round "9.4"]
[White "Sowa, Wiktoria"]
[Black "Waszczuk, Patrycja"]
[Result "0-1"]
[WhiteTitle "k"]
[BlackTitle "k"]
[WhiteElo "1993"]
[BlackElo "1927"]

1. e4 c5 2. Nf3 d6 3. d4 cxd4 4. Qxd4 Nc6 5. Bb5 Bd7 6. Bxc6 bxc6 7. O-O e5 8.
Qd3 Nf6 9. c4 Qc7 10. b3 Be7 11. Ba3 c5 12. Nc3 O-O 13. Bc1 Bc6 14. Ne1 Qb7 15.
f3 Ne8 16. Nc2 Nc7 17. Ne3 g6 18. Rd1 Qc8 19. Nb5 Bxb5 20. cxb5 Qb7 21. a4 a6
22. bxa6 Qxa6 23. Nd5 Nxd5 24. Qxd5 Rab8 25. Bh6 Rfc8 26. Rac1 Qb7 27. Rc3 Qxd5
28. Rxd5 g5 29. f4 gxf4 30. g3 f6 31. gxf4 Kf7 32. fxe5 fxe5 33. Kf2 Ke6 34. Rdd3
Rg8 35. Rh3 Rb4 36. Kf3 Rgb8 37. Be3 Rf8+ 38. Ke2 Rxe4 39. Rh6+ Kd7 40. Rxh7 d5
41. Kd3 Rxe3+ 42. Kxe3 d4+ 43. Kd2 dxc3+ 0-1

[Event "FINAL MISTRZOSTW POLSKI JUNIOROW 2018 - GRUPA  D16"]
[Site "Jastrzebia Gora"]
[Date "1899-12-30"]
[Round "9.5"]
[White "Jarocka, Liwia"]
[Black "Raczykowska, Paulina"]
[Result "1-0"]
[WhiteTitle "FM"]
[BlackTitle "k"]
[WhiteElo "1989"]
[BlackElo "1897"]

1. e4 e5 2. Nf3 Nc6 3. Bb5 a6 4. Ba4 Nf6 5. O-O b5 6. Bb3 Be7 7. Re1 d6 8. c3 O-O
9. h3 Na5 10. Bc2 c5 11. d4 Nd7 12. Nbd2 exd4 13. cxd4 Nc6 14. d5 Nce5 15. Nxe5
Nxe5 16. f4 Ng6 17. Nf3 Bh4 18. Rf1 Bg3 19. f5 Ne5 20. Nxe5 Bxe5 21. Qg4 Bf6 22.
Rb1 c4 23. Bf4 a5 24. Qf3 Qe7 25. g4 h6 26. Rfe1 Ra6 27. Re2 Bd7 28. Kh1 Rc8 29.
Rg2 Kf8 30. Rbg1 Bg5 31. Bxg5 hxg5 32. h4 gxh4 33. g5 Qe5 34. Qh5 Ke7 35. g6 Raa8
36. gxf7 Rh8 37. Qg5+ Qf6 38. Qxg7 Raf8 39. Qxf6+ Kxf6 40. Rg6+ Ke7 41. Rg8 Rh7
42. e5 Rhxf7 43. e6 Bxe6 44. dxe6 Rxg8 45. Rxg8 Rf6 46. Rg7+ 1-0

[Event "FINAL MISTRZOSTW POLSKI JUNIOROW 2018 - GRUPA  D16"]
[Site "Jastrzebia Gora"]
[Date "1899-12-30"]
[Round "9.6"]
[White "Kalinowska, Zuzanna"]
[Black "Czarniecka, Aleksandra"]
[Result "1-0"]
[WhiteTitle "k+"]
[BlackTitle "k"]
[WhiteElo "1980"]
[BlackElo "2015"]

1. d4 Nf6 2. Nf3 g6 3. c4 Bg7 4. Nc3 O-O 5. e4 d6 6. h3 e5 7. d5 a5 8. Bg5 Na6
9. Be2 Qe8 10. Nd2 Nd7 11. g4 Ndc5 12. Rg1 Kh8 13. Nf1 f5 14. gxf5 gxf5 15. Ng3
fxe4 16. Ncxe4 Nxe4 17. Nxe4 Bf5 18. Bh5 Bg6 19. Bxg6 Qxg6 20. Rg4 Qf5 21. Qe2
b6 22. Ng3 Qf7 23. O-O-O Nc5 24. Be3 a4 25. a3 Nb3+ 26. Kb1 Nd4 27. Qd3 b5 28.
cxb5 Rab8 29. Ne4 Nxb5 30. Rdg1 Bf6 31. Bh6 Rfe8 32. Nxf6 1-0

[Event "FINAL MISTRZOSTW POLSKI JUNIOROW 2018 - GRUPA  D16"]
[Site "Jastrzebia Gora"]
[Date "1899-12-30"]
[Round "9.7"]
[White "Kulpa, Zuzanna"]
[Black "Hryn, Zofia"]
[Result "1-0"]
[WhiteTitle "I++"]
[BlackTitle "I++"]
[WhiteElo "1839"]
[BlackElo "1574"]

1. d4 d5 2. c4 Bf5 3. cxd5 Bxb1 4. Qa4+ c6 5. Rxb1 Qxd5 6. Nf3 Nd7 7. a3 Ngf6 8.
e3 e5 9. dxe5 Nxe5 10. Nxe5 Qxe5 11. Be2 Bd6 12. Bf3 O-O 13. Bd2 Nd5 14. Qe4 Qg5
15. Qg4 Qxg4 16. Bxg4 Rad8 17. O-O Nf6 18. h3 Nxg4 19. hxg4 Bh2+ 20. Kxh2 Rxd2
21. Kg3 Rfd8 22. Rfc1 g6 23. Rc4 Re2 24. b4 Rdd2 25. Rf4 Ra2 26. Rb3 Red2 27.
e4 Rd7 28. Re3 Rad2 29. g5 b6 30. Rc3 Rc7 31. Rf6 c5 32. f4 c4 33. f5 Rb2 34.
Rd6 gxf5 35. exf5 Rb3 36. Rd8+ Kg7 37. f6+ Kg6 38. Kg4 h5+ 39. Kf4 Rxc3 40. Rh8
Rf3+ 41. gxf3 c3 42. Rh6# 1-0

[Event "FINAL MISTRZOSTW POLSKI JUNIOROW 2018 - GRUPA  D16"]
[Site "Jastrzebia Gora"]
[Date "1899-12-30"]
[Round "9.8"]
[White "Moscicka, Pola"]
[Black "Karlyk, Maria"]
[Result "1/2-1/2"]
[WhiteTitle "k+"]
[BlackTitle "I"]
[WhiteElo "1868"]
[BlackElo "1636"]

1. d4 d5 2. c4 Nc6 3. Nc3 Nf6 4. Nf3 e6 5. Bg5 Bb4 6. e3 h6 7. Bxf6 Qxf6 8. Qc2
Bd7 9. a3 Bxc3+ 10. Qxc3 dxc4 11. Bxc4 a6 12. O-O O-O 13. b4 Rfc8 14. Bd3 Be8
15. Be4 Rab8 16. Rfc1 Qd8 17. Qb3 Qd6 18. Nd2 b5 19. Bf3 Rb6 20. Ne4 Qe7 21. Rc5
Nd8 22. Nd2 Nb7 23. Bxb7 Rxb7 24. Rac1 Rb6 25. R1c3 Kh8 26. Qc2 c6 27. Nb3 Qd6
28. Na5 Rc7 29. h3 Kg8 30. Qe4 Bd7 31. Qd3 Be8 32. e4 Rc8 33. Nb3 Rd8 34. Qe3
Rbb8 35. Rd3 Qe7 36. Nd2 Ra8 37. Nf3 f6 38. Nd2 a5 39. Nb3 axb4 40. axb4 Ra4 41.
Qd2 1/2-1/2